<?xml version="1.0" encoding="UTF-8"?>
<collection xmlns="http://www.loc.gov/MARC21/slim">
  <record>
    <leader>00000nam  2200000   4500</leader>
    <controlfield tag="001">INLIS000000000018639</controlfield>
    <controlfield tag="005">20241202025023</controlfield>
    <datafield tag="035" ind1="#" ind2="#">
      <subfield code="a">0010-1224000010</subfield>
    </datafield>
    <controlfield tag="007">ta</controlfield>
    <controlfield tag="008">241202###########################0######</controlfield>
    <datafield tag="245" ind1="#" ind2="#">
      <subfield code="a">E-KATALOG GH :</subfield>
      <subfield code="b">E-Katalog Alat Dan Bahan Clinic Skill Laboratorium Blok Gastroenterohepatologi /</subfield>
      <subfield code="c">Elfira Buamona, M.Gizi</subfield>
    </datafield>
    <datafield tag="260" ind1="#" ind2="#">
      <subfield code="a">Makassar :</subfield>
      <subfield code="b">Puslatbang KMP RI LAN Makassar,</subfield>
      <subfield code="c">2024</subfield>
    </datafield>
    <datafield tag="300" ind1="#" ind2="#">
      <subfield code="a">38 ;</subfield>
      <subfield code="c">30</subfield>
    </datafield>
    <datafield tag="650" ind1="#" ind2="4">
      <subfield code="a">Pembuatan buku katalog alat dan bahan di laboratorium berbasis digital</subfield>
    </datafield>
    <datafield tag="700" ind1=" " ind2="#">
      <subfield code="a">Dr. Liasari Armaijn, M.Kes (Mentor)</subfield>
    </datafield>
    <datafield tag="700" ind1=" " ind2="#">
      <subfield code="a">Lutfina Thalita Ericha Zainsa, S.H. (Coach)</subfield>
    </datafield>
    <datafield tag="520" ind1="#" ind2="#">
      <subfield code="a">Dalam pelaksanaan Aktualisasi Pelatihan Dasar CPNS 2024, Angkatan XVIII ini, Penulis mengangkat isu "Belum optimalnya inventarisasi alat dan bahan di laboratorium Keterampilan Klinik (Clinical Skill Laboratorium) blok Gastroenterohepatologi (GEH) Program Studi Kedokteran Universitas Khairun." Untuk mengatasiisu tersebut, Penulis menciptakan gagasan kreatif, yakni "Pembuatan Buku Katalog Alat Dan Bahan di laboratorium Berbasis Digital. Kegiatan aktualisasi dilakukan dengan menerapkan nilai-nilai dasar ASN BerAKHLAK (Berorentasi Pelayanan, Akuntabel, Kompeten, Harmonis, Loyal, Adaptif dan Kolaboratif) selama 24 hari, yakni 23 September hingga 18 Oktober 2024. Seluruh kegiatan yang direncanakan beserta tahapan- tahapannya berhasil dilaksanakan. Setiap kegiatanyang dilaksanakan selama masa aktualisasi berdampak positif terhadap upaya peningkatan proses pembelajaran keterampilan klinik mahasiswa Kedokteran Universitas Khairun&#13;
&#13;
Dalam pelaksanaan Aktualisasi, total nilai BerAKHLAK adalah 148 yang paling banyak diterapkan adalah nilai Adaptif (31), nilai Kompeten (28) nilai Kolaboratif (27), nilai Akuntabel (20), nilai Berorientasi pelayanan (20) nilai Harmonis (11), dan nilai Loyal (11). Lebih lanjut, penerapan Nilai BerAKHLAK pada pelaksanaan aktualisasi memberikan dampak positif bagi Penulis dalam memperkuat pemahaman mengenai tugas dan tanggung jawab sebagai Aparatur Sipil Negara (ASN) yang profesional dan tersedianya E-Katalog alat dan bahan clinic skill Laboratorium di Program Studi Kedokteran Universitas Khairun</subfield>
    </datafield>
    <datafield tag="856" ind1="#" ind2="#">
      <subfield code="a">PUSLATBANG KMP LAN RI Makassar</subfield>
    </datafield>
  </record>
</collection>
